00816nam a2200241 i 4500001001000000003000900010005001700019007000300036008004100039040003000080041000800110082001900118100002800137245011300165250002200278264006400300300005500364336002700419337003300446338002800479700003100507700003600538000028670DO-SdBNP20250602103804.0ta250602s1997 dr ag 000 0 spa d aDO-SdBNPbspacBNPHUerda hspa 4axxxbS232c2221 aSantana, Josuéeautor10aCuadernos de arte no. 6 :beducación musicalcJosué Santana, Adamilka Victoria y Leila Pérez y Pérez aPrimera edición aSanto Domingo :bSecretaria de Educación y Culturac1997. a69 páginas :bilustraciones y música ;c28 cm. 2rdacontentatextobtxt 2rdamediaasin mediaciónbn 2rdacarrieravolumenbnc1 aVictoria, Adamilkaeautora1 aPérez y Pérez, Leylaeautor